| 000 | 01138nac a22003251u 4500 | ||
|---|---|---|---|
| 003 | EG-ScBUE | ||
| 005 | 20220825103917.0 | ||
| 008 | 100922r19891995enkae f 000 0 eng d | ||
| 020 | _a0750606274 | ||
| 020 | _a9780750606271 | ||
| 035 | _a(OCoLC)2738043 | ||
| 040 |
_aEG-ScBUE _beng _erda _cEG-ScBUE _dEG-ScBUE |
||
| 041 | 1 |
_aeng _ffre |
|
| 082 | 0 | 4 |
_a720 _bCOR _222 |
| 100 | 0 |
_aLe Corbusier, _d1887-1965, _eauthor. _919697 |
|
| 245 | 1 | 0 |
_aTowards a new architecture / _cby Le Corbusier ; translated from the thirteenth French edition with an introduction by Frederick Etchells. |
| 250 | _aReprinted edition. | ||
| 264 | 1 |
_aLondon : _bButterworth Architecture, _c1995. |
|
| 300 |
_axix, 289 pages : _billustrations , plans; _c19 cm |
||
| 336 |
_2rdacontent _atext _btxt |
||
| 337 |
_2rdamedia _aunmediated _bn |
||
| 338 |
_2rdacarrier _avolume _bnc |
||
| 546 | _aText in English ; translated from the original French. | ||
| 650 | 7 |
_aArchitecture. _919698 _2BUEsh |
|
| 651 | _2BUEsh | ||
| 653 | _bENGARC | ||
| 655 |
_vReading book _934232 |
||
| 700 | 1 |
_aEtchells, Frederick, _d1886- _etranslator. _919699 |
|
| 942 |
_cBB _k720 COR _2ddc |
||
| 999 |
_c3982 _d3982 |
||